000 02229nam0a2200325 4500
001 RU\NLR\bibl\1449559
005 20260405194013.0
021 _aRU
_b2009-84433
_95309
035 _a(NLR Aleph) 001441385
090 _a1465223
_c1465223
100 _a20091208d2009 |||y0rusy50 ca
101 0 _arus
102 _aRU
105 _aa |||||||||
200 1 _aВнутр[и]фирменное планирование
_eучебное пособие
_eдля студентов высших учебных заведений, обучающихся по направлению подготовки "Фотограмметрия и дистанционное зондирование", специальности "Исследование природных ресурсов аэрокосмическими средствами", "Аэрофотогеодезия"; по направлению подготовки "Экономика и управления народным хозяйством", специальности "Менеджмент организации", "Городской кадастр" и "Финансы и кредит"
_fА.В. Косов, В.И. Соломатов, В.А. Соловьев, В.Б. Пусенков
_gФедер. агентство по образованию, Моск. гос. ун-т геодезии и картографии
210 _aМосква
_cМИИГАиК
_d2009
215 _a115 с.
_cил.
_d21
320 _aБиблиогр.: с. 114 (12 назв.)
606 1 _aФирмы
_jУчебные издания для высших учебных заведений
_xПланирование
_92078886
_3RU\NLR\auth\661254753
686 _aУ23(0)24я73
701 1 _aКосов
_bА. В.
_4070
701 1 _aСоломатов
_bВ. И.
_gВалентин Игнатьевич
_4070
701 1 _4070
_8rus
_7ca
_aСоловьев
_bВ. А.
_cд-р экон. наук
_gВячеслав Александрович
_3RU\NLR\auth\7785757
_968685
701 1 _aПусенков
_bВ. Б.
_gВалерий Борисович
_4070
801 0 _aRU
_bNLR
_c20091208
_gRCR
801 1 _aRU
_bNLR
_c20091208
830 _aАвт. по ЭК.
942 _cBOOK
980 _aNB